000 00623ngm a22002530a 4500
001 PT19585
003 AR-LpoUNG
005 20210202000322.0
007 vd cvaizq
008 191001s1989||||ag |||||||||||||||||eng d
037 _c$16,63
040 _aAR-LpoUNG
_bspa
_cAR-LpoUNG
_eaacr
041 _aeng
044 _aag
082 0 _a791.436 17 76los
100 1 _aJones, Terry
_edir.
245 1 4 _aLas locas aventuras de Erik el vikingo
260 _aBuenos Aires :
_bTransmundo Home Video,
_c1989.
300 _aVHS : son., col.
653 _aCOMEDIA
653 _aVIDEOS
905 _a19585
942 _cVIDEO
999 _c54608
_d54608